000
00291nam a22001337a 4500
008
170622b xxu||||| |||| 00| 0 eng d
020
_a
9780801311697
041
_a
eng
080
_2
3RD
_a
32
100
_a
21
101
_a
SHH
245
_a
THE BRITISH POLITY
_c
NORTON,PH
942
_2
udc
_c
BK
999
_c
18740
_d
18740